000 00728nam a22002177a 4500
003 UA-OsUOA
001 122813
007 ta
008 20170522b un ||||| |||| 00| 0 ukr d
100 _aЦимбалюк М.
090 _a94(477)
_bЦ61
942 _cSA
040 _aUA-OsUOA
_bukr
_cUA-OsUOA
_dUA-OsUOA
245 _aКоріння й гілля роду Митрофана Трублаєвича. Один із засновників подільської "Просвіти" - виходець із священницького роду
300 _aС.5
955 _a0
041 _aukr
080 _a94(477)
773 0 _w122811
650 7 _a9 Географія. Біографії. Історія
_2UDC
999 _c409777
_d409777